| 000 | 00550nam a2200169 i 4500 | ||
|---|---|---|---|
| 001 | 99454 | ||
| 003 | ES-MaACL | ||
| 005 | 20230906182512.0 | ||
| 007 | t| | ||
| 008 | 050908s1930 sp ||||1| spa d | ||
| 100 | 1 |
_aMartín Salazar, Manuel. _977641 |
|
| 245 | 1 | 0 |
_aDiscurso leído en la sesión... 26 de enero de 1930 en la Real Academia Nacional de Medicina / _cpor Manuel Martín Salazar. |
| 260 |
_aMadrid : _b[s.n.], _c1930 ( _fImp. Julio Cosano) |
||
| 300 |
_a36 p. ; _c27 cm. |
||
| 500 | _aTema: La anafilaxia. | ||
| 852 |
_aES-MaACL _j1731-F-7 |
||
| 999 |
_c99454 _d99454 |
||